000 00653na a2200229 4500
001 18663
003 MIRAKIL
005 20181213155247.0
008 161124b tu 000 0
035 _a18663
040 _aMilas
_btur
_cTR-AnCHP
041 _atur
082 _a351.77256
_bU52i 2005
090 _a351.77256 U52i 2005
100 _aUnakıtan, Kemal
245 _a2005 yılı bütçe konuşması
_b(TBMM Genel Kurul)
_cKemal Unakıtan
260 _a[Ankara]
_bMaliye Bakanlığı
_c2004
300 _a63 s.
_c20 sm.
610 _aTBMM
_xMeclis konuşmaları
650 _aMaliye Bakanlığı
_xBütçe görüşmeleri
942 _2ddc
_cBKS
999 _c9452
_d9452